| 000 | 00365nam a2200133Ia 4500 | ||
|---|---|---|---|
| 008 | 231017s9999 xx 000 0 und d | ||
| 082 | _a625.8520 | ||
| 082 | _bKEN | ||
| 245 | 0 | _aEffect of Reclaimed Asphalt Pavement on Binder Properties Using the Superpave System | |
| 245 | 0 | _cThomas W. Kennedy | |
| 260 | _bThomas W. Kennedy | ||
| 300 | _c30cm | ||
| 942 | _cREP | ||
| 999 |
_c604638 _d604638 |
||